| 000 | 00448nam a22001697a 4500 | ||
|---|---|---|---|
| 003 | MPLRDC | ||
| 005 | 20220104124314.0 | ||
| 008 | 210129b ||||| |||| 00| 0 eng d | ||
| 082 | _a859.6 SJWX v.1 | ||
| 100 | _a荷马原著; 视觉丛书编辑部 | ||
| 245 |
_a木马屠城记 _c |
||
| 260 |
_a _b明心出版社有限公司 _c |
||
| 300 | _b平 | ||
| 490 | _a世界文学名著系列;1 | ||
| 650 | _a外国文学 | ||
| 942 |
_cBK _o859.6 SJWX v.1 |
||
| 999 |
_c18274 _d18264 |
||